Ansel's Pharmaceutical Dosage Forms and Drug Delivery Systems (Record no. 5762)
[ view plain ]
| 000 -LEADER | |
|---|---|
| fixed length control field | 00687nam a22002297a 4500 |
| 003 - CONTROL NUMBER IDENTIFIER | |
| control field | OSt |
| 005 - DATE AND TIME OF LATEST TRANSACTION | |
| control field | 20170328133818.0 |
| 008 - FIXED-LENGTH DATA ELEMENTS--GENERAL INFORMATION | |
| fixed length control field | 170328b xxu||||| |||| 00| 0 eng d |
| 020 ## - INTERNATIONAL STANDARD BOOK NUMBER | |
| International Standard Book Number | 9780781779340 |
| 020 ## - INTERNATIONAL STANDARD BOOK NUMBER | |
| International Standard Book Number | 0781779340 |
| 040 ## - CATALOGING SOURCE | |
| Transcribing agency | DMLN |
| 082 ## - DEWEY DECIMAL CLASSIFICATION NUMBER | |
| Classification number | QV785 A53p 2011 |
| 100 ## - MAIN ENTRY--PERSONAL NAME | |
| Personal name | Allen, Loyd V; Popovich, Nicholas G; Ansel, Howard C. |
| 9 (RLIN) | 11984 |
| 245 ## - TITLE STATEMENT | |
| Title | Ansel's Pharmaceutical Dosage Forms and Drug Delivery Systems |
| 250 ## - EDITION STATEMENT | |
| Edition statement | 9th ed. |
| 260 ## - PUBLICATION, DISTRIBUTION, ETC. (IMPRINT) | |
| Place of publication, distribution, etc. | Philadelphia; Wolters Kluwer, 2011 |
| 300 ## - PHYSICAL DESCRIPTION | |
| Extent | vi,710p; illi: 25.5cm |
| 504 ## - BIBLIOGRAPHY, ETC. NOTE | |
| Bibliography, etc | References, appendices, & index included |
| 650 ## - SUBJECT ADDED ENTRY--TOPICAL TERM | |
| Topical term or geographic name as entry element | Pharmaceuticals |
| 9 (RLIN) | 5840 |
| 650 ## - SUBJECT ADDED ENTRY--TOPICAL TERM | |
| Topical term or geographic name as entry element | Drug dosage |
| 9 (RLIN) | 11985 |
| 942 ## - ADDED ENTRY ELEMENTS (KOHA) | |
| Source of classification or shelving scheme | Other/Generic Classification Scheme |
| Koha item type | Short Loan |
| Withdrawn status | Lost status | Source of classification or shelving scheme | Damaged status | Not for loan | Home library | Current library | Date acquired | Source of acquisition | Inventory number | Total Checkouts | Full call number | Barcode | Date last seen | Koha item type |
|---|---|---|---|---|---|---|---|---|---|---|---|---|---|---|
| Other/Generic Classification Scheme | Pharmacy Department Library | Pharmacy Department Library | 28/03/2017 | 11/00212 | QV785 A53p 2011 | 2017-0643 | 28/03/2017 | Short Loan | ||||||
| Other/Generic Classification Scheme | Pharmacy Department Library | Pharmacy Department Library | 28/03/2017 | 11/00213 | QV785 A53p 2011 | 2017-0644 | 28/03/2017 | Short Loan |
